000 00938nmm a2200277 a 4500
001 ocm0001256866
003 TR-IsHL
005 20201028160548.0
008 160715s2016 tu spa
007 cr cn
020 _a9786059285841
035 _a1256866
_b(N$T)
050 0 4 _aDD247.H5
_bA36 2016
090 0 4 _aDD247.H5
_bA36 2016
100 1 _aHitler, Adolf
245 1 0 _aMi Lucha: dos volumenes en Uno =
_bMein Kampf
_h[electronic resource] /
_cAdolf Hitler ; Editado por Murat Ukray
260 _aİstanbul :
_bE-Kitap Projesi,
_c2016
300 _a665 p.
650 4 _aTarih
650 4 _aHistory
650 0 _aDevlet başkanları
_xBiyografi
_xAlmanya
650 0 _aHeads of state
_xBiography
_xGermany
650 7 _aBIOGRAPHY & AUTOBIOGRAPHY / Presidents & Heads of State
_2bisacsh
700 1 _aUkray, Murat
856 4 0 _uhttp://search.ebscohost.com/login.aspx?direct=true&scope=site&db=e011xww&AN=1256866
999 _c13667
_d13667